On This Day (April 13th) Multiple Choice - Statistics

General Stats
  • This quiz has been taken 9 times
  • The average score is 7 of 15
Answer Stats
Question Answer % Correct
1870 – Which New York City museum is founded on this day ? The Metropolitan Museum of Art
100%
1997 – Which golfer becomes the youngest to win the Masters Tournament ? Tiger Woods
100%
1953 – CIA director Allen Dulles launches Project MKUltra, it is designed with what objective ? Mind Control
71%
1992 - Which World Leader announces he will seek divorce from his wife ? Nelson Mandela, South Africa
71%
1987 – Portugal and China sign an agreement in which Macau would be returned to China in which year ? 1999
57%
1829 – The Roman Catholic Relief Act of 1829 gives Roman Catholics in the United Kingdom the right to vote and do what else ? Sit in Parliament
57%
1976 – Forty workers die in an explosion at the Lapua ammunition factory, the deadliest accidental disaster in modern history in which country ? Finland
43%
1941 – A Pact of neutrality is signed between the USSR and which other country ? Japan
43%
1964 – At the Academy Awards, Sidney Poitier becomes the first African-American male to win the Best Actor award for which1963 film ? Lilies of the Field
43%
1960 – The United States launches Transit 1-B, the world's first what ? Satellite Navigation System.
43%
1958 – American pianist Van Cliburn is awarded first prize at the inaugural International Tchaikovsky Competition in which city ? Moscow
29%
1873 – The Colfax massacre takes place, in which more than 60 men of what ethnicity are murdered ? Black
14%
1742 – George Frideric Handel's oratorio "Messiah" makes its world-premiere in which city ? Dublin, Ireland
14%
2017 – The US drops the largest ever non-nuclear weapon on which of Afghanistan's provinces ? Nangarhar
0%
Today is a memorial day in Slovakia, What is it called ? Unfairly Prosecuted Persons Day
0%
No matching quizzes found
Score Distribution
Percent of People with Each Score
Percentile by Number Answered
Your Score History
You have not taken this quiz